[Event "LSS OP-2008-0-00551"]
[Site "LSS email"]
[Date "2008.06.05"]
[Round "?"]
[White "Zakharov, Oleg Yu"]
[Black "Leston, Mauricio"]
[Result "1-0"]
[WhiteElo "2205"]
[BlackElo "1500"]
[PlyCount "59"]
[EventDate "2008.06.03"]
[EventType "tourn (corr)"]
[EventRounds "4"]
[EventCountry "GER"]
[SourceTitle "Corr 2022"]
[Source "ChessBase"]
[SourceDate "2021.10.24"]
[SourceVersion "1"]
[SourceVersionDate "2021.10.24"]
[SourceQuality "1"]

1. e4 c5 2. Nf3 Nf6 3. e5 Nd5 4. Nc3 e6 5. Nxd5 exd5 6. d4 d6 7. Bb5+ Nc6 8. 0-0 Be6 9. Ng5 Qb6 10. Nxe6 fxe6 11. Qh5+ g6 12. Qg4 Kf7 13. Bxc6 Qxc6 14. Bg5 Qd7 15. Rfe1 dxe5 16. dxe5 h6 17. Bf6 Bg7 18. Re3 Rae8 19. Rf3 Bxf6 20. Re1 Rhg8 21. Qh4 g5 22. Qh5+ Rg6 23. Rxf6+ Ke7 24. Qxg6 Kd8 25. Rf7 Qc6 26. Qxh6 Qb5 27. Qxg5+ Kc8 28. Qg7 Qb4 29. c3 Qxb2 30. Qh7 1-0